000 00657nam a2200229Ia 4500
005 20260430150237.0
008 008 250103s9999 xx 000 0 eng d
037 _aTheses
040 _aCRL
040 _beng
040 _ceng
041 _2eng
041 _aeng
084 _qCRL
100 _aChauhan Maruf Au.; Malhotra Priti Gu.
_91236914
245 0 _aBiogenic Systhesis of Metal Oxide Nanoparticles, Nanocomposites of Metal Oxide and Their Catalytic Applications
260 _c2022
300 _a139p.
700 _aUniversity of Delhi. Faculty of Science. Depatment of Chemistry
_91236839
942 _cTH
999 _c1849311
_d1849311